000
00269nam a22001337a 4500
999
_c
153991
_d
153991
082
_a
_b
100
_a
245
_a
King's english/
260
_a
Thiruvananthapuram:
_b
Addone publishers,
_c
2015.
300
_a
1048p.
600
_a
650
_a
942
_c
BK